000 00294nam a2200121Ia 4500
005 20251222143116.0
008 251222s9999||||xx |||||||||||||| ||spa||
082 _a283.2/A77
100 _aArrupe, Pedro
245 0 _aEl Riesgo de la Experiencia Religiosa
264 _bCitadella
942 _cLIB
999 _c11360
_d11360